Derecho del consumo y proteccin̤ al consumidor

Bibliographic Details
Main Author: Corral Talciani, Hernǹ
Format: eBook
Language:Spanish
Published: Santiago de Chile: Universidad de los Andes (Chile), 1999
Subjects:
Online Access:Acceso restringido

MARC

LEADER 00000nam a22000007a 4500
005 20190416223015.0
007 cr|||| ||||
008 190416s1999 cl |||||s|||| 00||0 spa d
020 |a 956-7160-15-5 
035 |a 21277 
040 |a vLex 
090 |c 8644  |d 8644 
100 1 |a Corral Talciani, Hernǹ 
245 1 0 |a Derecho del consumo y proteccin̤ al consumidor  |h [Recurso electrn̤ico] /  |c Hernǹ Corral Talciani 
256 |a Servicio en ln̕ea 
260 |a Santiago de Chile:  |b Universidad de los Andes (Chile),  |c 1999 
300 |a 1 recurso electrn̤ico 
506 1 |a Disponible solo en los productos indicados  |d vLex Global  |d vLex Global (Academic Edition, excluding Law Schools)  |d vLex Global (U.S. Academic Edition, Law Schools)  |d vLex Global (U.S. Academic Edition, excluding Law Schools)  |d vLex Global (Academic Edition, Law Schools) 
650 0 4 |a Derecho Civil  |z Chile 
740 0 |a vLex Libros (Servicio en ln̕ea) 
856 4 0 |u http://vlex.com/source/derecho-del-consumo-y-proteccion-al-consumidor-21277  |z Acceso restringido 
942 |c BOOK 
999 0 |a Civil Law